مكتبة جامعة عجلون الوطنية

فهرس بحث المكتبة

Normal view MARC view
  • شرح وتحقيق كيلاني،كامل ؛ مراجعة لجنة إحياء التراث العربي

Entry Personal Name

Number of records used in: 1

001 - CONTROL NUMBER

  • control field: 16542

003 - CONTROL NUMBER IDENTIFIER

  • control field: JO-AjAnu

005 - DATE AND TIME OF LATEST TRANSACTION

  • control field: 20230606072934.0

008 - FIXED-LENGTH DATA ELEMENTS

  • fixed length control field: 230606|| aca||aabn | a|a d

040 ## - CATALOGING SOURCE

  • Original cataloging agency: JO-AjAnu
  • Transcribing agency: JO-AjAnu

100 ## - HEADING--PERSONAL NAME

  • Personal name: شرح وتحقيق كيلاني،كامل ؛ مراجعة لجنة إحياء التراث العربي

670 ## - SOURCE DATA FOUND

  • Source citation: Work cat.: (JO-AjAnu)8496: شرح وتحقيق كيلاني،كامل ؛ مراجعة لجنة إحياء التراث العربي, author, رسالة الهناء للشاعر الفيلسوف أبي العلاء المعري